000
00306nam a22001337a 4500
008
170526b xxu||||| |||| 00| 0 eng d
020
_a
639785333241
041
_a
eng
080
_2
2ND
_a
621.3
100
_a
25
101
_a
IM
245
_a
ELECTRICAL POWER SYSTEMS QUALITY
_c
DUGAN,R.C
942
_2
udc
_c
BK
999
_c
14304
_d
14304